000 00884cam a2200289 a 4500
001 8903
003 BD-RjUL
005 20211208234657.0
008 140119r20051997enka 001 0 eng
020 _a8178083876
035 _a(BD-RjUL)8948
040 _aDLC
_cDLC
_dBD-RjUL
_beng
041 _aeng
082 0 0 _a005.74
_221
_bAND 2005
100 1 _aAnahory, Sam.
_927673
245 1 0 _aData warehousing in the real world :
_ba practical guide for building decision support systems /
_cSam Anahory, Dennis Murray.
250 _aLow price ed.
260 _aDelhi :
_bPearson,
_c1997 [Reprinte 2005].
300 _axiv, 352 p. :
_bill. ;
_c25 cm.
500 _aIncludes index.
650 0 _aData warehousing.
_927674
650 0 _aDecision support systems.
_927675
700 1 _aMurray, Dennis.
_927676
942 _2ddc
_cBK
999 _c8903
_d8903